| 000 | 01131pam a2200301 a 4500 | ||
|---|---|---|---|
| 001 | 016036180 | ||
| 003 | OSt | ||
| 005 | 20150921160224.0 | ||
| 008 | 120214t2013 paua frb 001 0 eng d | ||
| 020 | _a1451175760 (hbk.) | ||
| 020 | _a9781451175769 (hbk.) | ||
| 040 |
_aStDuBDS _beng _cStDuBDS _dEG-ScBUE |
||
| 082 | 0 | 4 |
_a615.58 _222 _bAPP |
| 245 | 0 | 0 |
_aApplied therapeutics : _bthe clinical use of drugs / _cedited by Brian K. Alldredge ... [et al.] |
| 246 | 3 | 4 | _aKoda-Kimble & Young's applied therapeutics |
| 250 | _a10th ed., International ed. | ||
| 260 |
_aPhiladelphia : _bWolters Kluwer / Lippincott Williams & Wilkins, _cc.2013. |
||
| 300 |
_axxxix, 2519 p. : _bill. (col.) ; _c29 cm. |
||
| 500 | _aText and table on endpapers. | ||
| 500 | _aPrevious ed. : 2009. | ||
| 504 | _aIncludes bibliographical references and indexes. | ||
| 650 | 0 |
_aChemotherapy _vHandbooks, manuals, etc. _932489 _2BUEsh |
|
| 650 | 0 |
_2BUEsh _912590 _aPharmacology _vHandbooks, manuals, etc. |
|
| 651 | _2BUEsh | ||
| 653 |
_bPPhrm _cMarch2015 _cAugust2015 _cSeptember2015 |
||
| 700 | 1 |
_aAlldredge, Brian K., _eeditor. |
|
| 942 |
_2ddc _k615.58 APP |
||
| 999 |
_c19107 _d19079 |
||